Vegetables - Sudden death - Statistics

General Stats
  • This quiz has been taken 280 times
  • The average score is 3 of 10
Answers on the Grid
Answers color-coded by a green-red scale on the quiz's grid according to % correct below.
Artichokes
Asparagus
Baby spinach
Bok Choy
Capsicum (peppers)
Chrysanthemum greens
Dandelions
Lotus roots
Okra
Olives
Pomelo
Rocket
Tomato
Wintermelon
Wombok
Yam
 
Answer Stats
Answer % Correct
Artichokes
78%
Asparagus
77%
Baby spinach
65%
Bok Choy
53%
Yam
19%
Lotus roots
14%
Chrysanthemum greens
10%
Dandelions
10%
Rocket
9%
Wombok
4%
No matching quizzes found
Score Distribution
Percent of People with Each Score
Percentile by Number Answered
Your Score History
You have not taken this quiz